000
00294nam a2200121Ia 4500
008
220204s9999 xx 000 0 und d
082
_a
633.74:632
_b
GRE
245
0
_a
Phytophthora disease of cocoa
260
_a
London
_b
Longman
_c
1974
650
_a
Cocoa
700
_a
GREGORY, P H
942
_c
BK
999
_c
24280
_d
24280